LEADER 00987cam0-22003491i-450- 001 990000313400403321 005 20050907112418.0 035 $a000031340 035 $aFED01000031340 035 $a(Aleph)000031340FED01 035 $a000031340 100 $a20020821g19051906km-y0itay50------ba 101 0 $aita 102 $aIT 105 $aa-------001yy 200 1 $aFabbricazione della carta$eanno 1905-06$elezioni del prof. Francesco Sinigaglia$fredatte da E. G. Franzi 210 $a[S.l.$cs.n.$d1907?] 215 $a184 p.$cill.$d25 cm 300 $aIn testa al front.: R. Scuola Superiore Politecnica in Napoli 610 0 $aCarta$aFabbricazione 676 $a677 676 $a676.2 700 1$aFranzi,$bE. G. 702 1$aSinigaglia,$bFrancesco 801 0$aIT$bUNINA$gRICA$2UNIMARC 901 $aBK 912 $a990000313400403321 952 $a04 114-11$bCI$fDINCH 952 $a13 M 26 17$b4124$fFINBC 959 $aDINCH 959 $aFINBC 997 $aUNINA LEADER 01910nam 2200397 450 001 9910633971003321 005 20230326144403.0 010 $a1-80355-025-2 035 $a(CKB)5700000000338651 035 $a(NjHacI)995700000000338651 035 $a(EXLCZ)995700000000338651 100 $a20230326d2022 uy 0 101 0 $aeng 135 $aur||||||||||| 181 $ctxt$2rdacontent 182 $cc$2rdamedia 183 $acr$2rdacarrier 200 00$aVortex dynamics $efrom physical to mathematical aspects /$fedited by Ilkay Bakirtas, Nalan Antar 210 1$aLondon :$cIntechOpen,$d[2022] 210 4$dİ2022 215 $a1 online resource (184 pages) 311 $a1-80355-024-4 327 $a1. Dipole Solitons in a Nonlocal Nonlinear Medium with Self-Focusing and Self-Defocusing Quintic Nonlinear Responses. 2. The Propagation of Vortex Beams in Random Mediums. 3. Searching of Individual Vortices in Experimental Data. 4. Vortex Dynamics in Complex Fluids. 5. Vortex Analysis and Fluid Transport in Time-Dependent Flows. 6. Relaxation Dynamics of Point Vortices. 7. Vortex Dynamics in the Wake of Planetary Ionospheres. 8. Vortex Dynamics in Dusty Plasma Flow Past a Dust Void. 9. Wingtip Vortices of a Biomimetic Micro Air Vehicle. 330 $aThis book discusses vortex dynamics theory from physics, mathematics, and engineering perspectives. It includes nine chapters that cover a variety of research results related to vortex dynamics including nonlinear optics, fluid dynamics, and plasma physics. 517 $aVortex Dynamics 606 $aVortex-motion$xMathematical models 615 0$aVortex-motion$xMathematical models. 676 $a532.0595 702 $aBakirtas$b Ilkay 702 $aAntar$b Nalan 801 0$bNjHacI 801 1$bNjHacl 906 $aBOOK 912 $a9910633971003321 996 $aVortex dynamics$93085168 997 $aUNINA LEADER 02738oam 2200697I 450 001 9910963927003321 005 20251117090518.0 010 $a1-351-96133-0 010 $a1-315-26353-X 010 $a1-283-15823-X 010 $a9786613158239 010 $a1-4094-2704-8 024 7 $a10.4324/9781315263533 035 $a(CKB)2550000000039795 035 $a(EBL)730762 035 $a(OCoLC)745865778 035 $a(SSID)ssj0000507347 035 $a(PQKBManifestationID)12180478 035 $a(PQKBTitleCode)TC0000507347 035 $a(PQKBWorkID)10545727 035 $a(PQKB)10091053 035 $a(MiAaPQ)EBC730762 035 $a(MiAaPQ)EBC5293155 035 $a(Au-PeEL)EBL730762 035 $a(CaPaEBR)ebr10481789 035 $a(CaONFJC)MIL315823 035 $a(OCoLC)988389143 035 $a(Au-PeEL)EBL5293155 035 $a(CaONFJC)MIL997454 035 $a(OCoLC)1027178137 035 $a(EXLCZ)992550000000039795 100 $a20180706e20162011 uy 0 101 0 $aeng 135 $aur|n|---||||| 181 $ctxt 182 $cc 183 $acr 200 10$aABC of action learning /$fReg Revans 205 $a1st ed. 210 1$aLondon :$cRoutledge,$d2016. 215 $a1 online resource (154 p.) 300 $a"A Gower Book"--cover. 300 $aFirst published 2011 by Gower Publishing. 311 08$a1-138-43318-7 311 08$a1-4094-2703-X 320 $aIncludes bibliographical references and index. 327 $aCover; Contents; Preface; Editor's Note; 1 The Characteristic Assumptions of Action Learning; 2 Essential Logistics; 3 The Characteristics of the Manager; 4 The Influence of Top Management; 5 The Philosophy of Action Learning; 6 What Action Learning is Not; 7 Some Experiences of Launching Action Learning; 8 The Enterprise as a Learning System; 9 Annotated Bibliography; 10 Further Information; Index 330 $aReg Revans based his theories of Action Learning on 30 years of work and observation.This revised and updated reissue of the definitive text, ABC of Action Learning, is a clear, easily-read primer for anyone wishing to learn about and apply his methods. It offers a succinct, practical guide to integrating action learning into every-day situations, and enhancing the practical and managerial skills of the workforce. 606 $aOrganizational learning 606 $aActive learning 615 0$aOrganizational learning. 615 0$aActive learning. 676 $a658.3/124 700 $aRevans$b Reginald W.$f1907-2003,$01875168 801 0$bMiAaPQ 801 1$bMiAaPQ 801 2$bMiAaPQ 906 $aBOOK 912 $a9910963927003321 996 $aABC of action learning$94486112 997 $aUNINA